Open Data Biblioteca Nacional de Portugal


República Portuguesa: Ministério da Cultura
Biblioteca Nacional de Portugal

Catálogo da BNP: acesso por Identificadores Unívocos
Registos Bibliográficos associados ao registo de autoridade

Etiqueta de registo: 00793cas 022002651 04500
001 93540
003 http://id.bnportugal.gov.pt/bib/catbnp/93540
005 19990827112300.0
095 ## $aPTBN00097168
100 ## $a19841101a19849999m y0pora0103 ba
101 0# $apor
102 ## $aPT
200 1# $aNotícias de S. Martinho da Gandra$fdir. Joäo Cardoso de Oliveira
207 #0 $aA. 1, nº 1 (Jan. 1984)-
210 #9 $aS. Martinho da Gandra, Ponte de Lima$cCorporação Fabriqueira,$d1984-
215 ## $d31 cm
326 ## $aMensal
606 ## $aReligiões$2SIPOR$2SIPOR$311001
606 ## $2SIPOR$31092425
675 ## $a908.469.111(05)$vmed$zpor$3301762
702 #1 $aOliveira,$bJoão Cardoso de$4300$3319076
801 #0 $aPT$bBN$gRPC
966 ## $lBN$mFGJOR$sJ. 2128 P.
998 ## $aCR103 - 00480

Etiqueta de registo: 00254nam 2200025 450
001 2283265
003 http://id.bnportugal.gov.pt/bib/catbnp/2283265
010 ## $a978-989-35130-0-2
021 ## $aPT$b515223/23
100 ## $a20260330d2023 m y0pory01030103ba
101 0# $apor
102 ## $aPT
105 ## $aa z 000zd
106 ## $ar
200 1# $aJoão Cardoso de Oliveira, homem e sacerdote$fAntónio Mário Leitão
210 #9 $aPonte de Lima$cAssociação de Escritores Jornalistas e Produtores Culturais de Ponte de Lima,$d2023
215 ## $a167 p.$cil.$d24 cm
675 ## $a272-722Oliveira, João Cardoso de, Padre$vBN$zpor$31999419
675 ## $a929Oliveira, João Cardoso de$vBN$zpor$31999417
700 #1 $aLeitão,$bAntónio Mário,$f1949-$31748997
702 #1 $aOliveira,$bJoão Cardoso de$4100$3319076
801 #0 $aPT$bBN$gRPC
856 41 $uhttp://rnod.bnportugal.gov.pt/ImagesBN/winlibimg.aspx?skey=&doc=2283265&img=222696&save=true
900 ## $aBIBNAC$d20260602
966 ## $lBN$mFGMON$sH.G. 89216 V.$x1
966 ## $lBN$mFGMON$sH.G. 89216 V.-D$x1
971 ## $cabrito$d20260330
972 ## $e0$z0$d20260602$vasantos
973 ## $caalmeid$d20260527

OpendataBNP@bnportugal.pt | Mais informação sobre acesso aos dados BNP